000 00422nam a2200193Ia 4500
008 240510s9999 xx 000 0 und d
020 _a0008173661251
041 _aEng
082 _a006.6
082 _bR52
100 _aROELOFS, G.
245 0 _aPNG DEFINITIVE GUIDE
260 _bMUMBAI : OREILLY
260 _c1999
300 _a321 p.
650 _aPNG : COMPUTER GRAPHICS
942 _2ddc
942 _cRBK
999 _c26787
_d26787
945 _a1
_bMadushi Gamage
_c1
_dMadushi Gamage